000 01012cam a2200253 4500
008 020226n2002 000 0 eng u
035 _a(Sirsi) u116841
050 _a692.8
110 _aJoint Contracts Tribunal
_93664
245 _aStandard form of building contract with contractor's design 1998 edition. Amendment 4 and guidance notes issued January 2002 : extension of time / loss and expense / advance payment
260 _aLondon
_bRIBA Publications
_c2002
300 _a4p.
_c30cm.
350 _a0.80
490 _aJCT Standard Form of Building Contract With Contractor's Design 1998 Edition
_vAmendment 4
650 _aADVANCE PAYMENTS
650 _aBUILT ENVIRONMENT-BUILDING CONTRACT FORMS
650 _aEXPENSES
650 _aEXTENSIONS OF TIME
650 _aBUILT ENVIRONMENT-BUILDING CONTRACT FORMS-STANDARD FORMS OF BUILDING CONTRACT-JOINT CONTRACTS TRIBNUAL CONTRACTS
650 _aLOSSES
650 _aWCD98
690 _aBUILT ENVIRONMENT-BUILDING CONTRACT FORMS
942 _n0
999 _c101905
_d101905